000 00962nam a2200241 u 4500
001 000566737
003 AM-YeHGA
005 20250617140623.0
008 080211s1971 ru |||||r||||||00|0|rus d
040 _aAM-YeHGA
041 0 _arus
100 1 _aПутилов, Константин Анатольевич.
245 1 0 _aТермодинамика /
_cК.А. Путилов ; Отв. ред. М.Х. Карапетьянц ; АН СССР, Моск. о-во испыт. природы.
260 _aМосква :
_bНаука,
_c1971.
300 _a374 с. :
_bил. 43, табл. 21.
504 _aБиблиогр. 233 назв.
650 1 4 _aТермодинамика. Энергетика
653 2 _aмонография
700 1 _aКарапетьянц, М.Х.
_eред.
_4edt
710 2 _aАкадемия наук СССР
710 2 _aМосковское общество испытателей природы
090 _c224815
999 _c223280
_d223280